Países Com Mais Soldados Ativos - Statistics

Estatísticas Gerais
  • Esse quiz foi jogado 58 vezes
  • A pontuação média é 18 de 25
Estatísticas das Respostas
Posição Número de soldados País % Correto
1.347.300 Estados Unidos
100%
2.183.000 China
98%
1.013.000 Rússia
98%
16° 334.500 Brasil
94%
1.395.100 Índia
94%
18° 247.150 Japão
90%
11° 438.500 Egito
88%
1.190.000 Coreia do Norte
86%
523.000 Irã
86%
24° 202.950 França
86%
653.800 Paquistão
86%
21° 227.000 Arábia Saudita
84%
630.000 Coreia do Sul
84%
17° 277.150 México
84%
23° 204.000 Ucrânia
78%
13° 395.500 Indonésia
76%
15° 355.200 Turquia
72%
14° 360.850 Tailândia
68%
482.000 Vietnã
62%
10° 470.634 Colômbia
58%
19° 244.300 Sudão
40%
12° 406.000 Myanmar
38%
22° 215.000 Taiwan
32%
20° 243.000 Sri Lanka
14%
25° 201.750 Eritreia
8%
Nenhum quiz correspondente encontrado
Distribuição das Pontuações
Porcentagem de Pessoas com Cada Pontuação
Percentil de Números Respondidos
Sua Pontuação Histórica
Você não jogou esse quiz